Στοιχεία ανωτέρας άλγεβρας
Αποθηκεύτηκε σε:
| Κύριος συγγραφέας: | |
|---|---|
| Μορφή: | Βιβλίο |
| Γλώσσα: | Greek |
| Δημοσίευση: |
Αθήναι :
Τυπογραφείο Παρασκευά Λεώνη,
1933
|
| Θέματα: | |
| Διαθέσιμο Online: | http://hdl.handle.net/11610/16873 |
| Ετικέτες: |
Προσθήκη ετικέτας
Δεν υπάρχουν, Καταχωρήστε ετικέτα πρώτοι!
|
MARC
| LEADER | 00000cam a2200000 i 4500 | ||
|---|---|---|---|
| 001 | 1/103022 | ||
| 008 | 090318s1933 gre d | ||
| 035 | |l 10103889 | ||
| 040 | |a GR-MY-UA |b gre |e aacr | ||
| 041 | 0 | |a gre | |
| 082 | 0 | |a 512.0071 |2 (22) | |
| 100 | 1 | |a Χατζιδάκης, Νικόλαος. | |
| 245 | 1 | 0 | |a Στοιχεία ανωτέρας άλγεβρας / |c Νικολάου Χατζιδάκη |
| 260 | |a Αθήναι : |b Τυπογραφείο Παρασκευά Λεώνη, |c 1933 | ||
| 300 | |a 168 σ.; |c 23 εκ. | ||
| 500 | |a Δια τους φοιτητάς του Πανεπιστημίου και τους σπουδαστάς των Ανωτέρων σχολών. | ||
| 500 | |a Υπάρχει ψηφιακό αντίγραφο. | ||
| 650 | 0 | 0 | |a Algebra |x Study and teaching (Higher) |z Greece. |
| 852 | |a INST |b SAMOS |c MAG |e 20090318 |h 512.0071 ΧΑΤ |p 005300029055 |q 005300029055 |t BK |y 0 | ||
| 856 | |u http://hdl.handle.net/11610/16873 | ||
| 901 | |a BIBL3-2009-1 | ||
| 909 | |a Σ |b 155907 | ||
| 970 | |a ΡΟΥΣΣΟΥ |b ΚΩΝΣΤΑΝΤΙΝΑ |z 2009/03/18 | ||